00921nam a2200277Ia 450000500170000000800390001702000180005610000340007424500410010825000220014926400260017130000260019733600270022333700330025033800280028360000590031165000400037065000420041065000360045265000330048865000240052165000250054565000270057004000350059708400110063220220317000404.0141031s2014 ck 0 sga d0j s spa a97895886391471 aBorges, Jorge Luisd1899-198610aCuentos completoscJorge Luis Borges aPrimera edición 1aBogotábLumenc2014 a550 páginasc23 cm. atextobtxt2rdacontent asin mediaciónbn2rdamedia avolumenbnc2rdacarrier14aBorges, Jorge Luisd1889-1986xColección de escritos142LEMBaCuentos argentinosySiglo XIX142LEMBaLiteratura argentinaySiglo XIX142LEMBaReyes y soberanosvCuento142LEMBaVida cotidianavCuento142LEMBaCasasvCuento142LEMBaNochesvCuento142LEMBaSecretosvCuento aCO-BoRNBPbspaerdacCO-BoRNBP aC BOR2